Strategic thinking and implementation / (Record no. 5439)
[ view plain ]
| 000 -LEADER | |
|---|---|
| fixed length control field | 00390cam a22001334a 4500 |
| 020 ## - ISBN | |
| International Standard Book Number | 1308028148 (pbk.) |
| 050 00 - LIBRARY OF CONGRESS CALL NUMBER | |
| Classification Number | HD30.28 |
| Item Number | .T83 2013 |
| 100 1# - MAIN ENTRY--Author | |
| Personal name | Tymon, Walter. |
| 245 10 - TITLE | |
| Title | Strategic thinking and implementation / |
| Statement of responsibility, etc | Walter Tymon. |
| 260 ## - PUBLICATION, DISTRIBUTION, ETC.(IMPRINT) | |
| Place of publication, distribution, etc | Villanova University [USA] : |
| Name of publisher, distributor, etc | McGraw-Hill Education, |
| Date of publication, distribution, etc | 2013. |
| 300 ## - PHYSICAL DESCRIPTION | |
| Extent | iv, 427 p. : |
| 650 #0 - SUBJECT--TOPIC | |
| General subdivision | Strategic planning. |
| 942 ## - ADDED ENTRY ELEMENTS(KOHA) | |
| Source of classification or shelving scheme | Library of Congress Classification |
| Koha item type | General circulation |
| Source of classification or shelving scheme | Not for loan | Location (home branch) | Sublocation (holding branch) | Shelving location | Date accessioned | Full call number | Barcode | Koha item type | Source of acquisition | Cost, normal purchase price | Cost, replacement price | Public note | Nonpublic note |
|---|---|---|---|---|---|---|---|---|---|---|---|---|---|
| Library of Congress Classification | Kitui Town Campus Library | Kitui Town Campus Library | 09/07/2015 | HD 30.28 .T83 | 2015/002585 | General circulation | |||||||
| Library of Congress Classification | Kitui Town Campus Library | Kitui Town Campus Library | 29/05/2025 | HD30.28 .T83 2013 | 2015/005194 | General circulation | |||||||
| Library of Congress Classification | Main Campus Library | Main Campus Library | 29/07/2015 | HD30.28 .T83 | 2015/005522 | General circulation | smo | ||||||
| Library of Congress Classification | Main Campus Library | Main Campus Library | 15/10/2015 | HD30.28 .T83 2013 | 2015/009116 | General circulation | 1400.00 | 1900.00 | Nzk | Nzk | |||
| Library of Congress Classification | Main Campus Library | Main Campus Library | 15/10/2015 | HD30.28 .T83 2013 | 2015/009105 | General circulation | 1400.00 | 1900.00 | Nzk | Nzk | |||
| Library of Congress Classification | SEHSS - Library | SEHSS - Library | 17/07/2015 | [EHS] HD 30 .28 .T9 2013 | 2015/003471 | General circulation | Books for Africa | 1400.00 | 1900.00 | smo |